| 000 | 00413nam a2200145Ia 4500 | ||
|---|---|---|---|
| 005 | 20250310031916.0 | ||
| 008 | 240331s9999 xx 000 0 und d | ||
| 082 |
_bAMA _a891 |
||
| 100 | _aAmarasekara,G | ||
| 245 | 0 | _aGam doren eliyata | |
| 260 |
_aColombo _bLake house Investments _c1985 |
||
| 300 | _a119 p ., | ||
| 500 | _astory of vedamathaiya 's children who came to Colombo for higher education. | ||
| 942 | _cL | ||
| 999 |
_c4822 _d4822 |
||